Consideraciones acerca del escalafón de catedráticos de institutos de 2ª enseñanza / (Record no. 164093)

MARC details
000 -LEADER
campo de control de longitud fija 00777nam a22001815i 4500
001 - NÚMERO DE CONTROL
campo de control 164093
003 - IDENTIFICADOR DE NÚMERO DE CONTROL
campo de control ES-MaACL
005 - FECHA Y HORA DE LA ÚLTIMA TRANSACCIÓN
campo de control 20230906212853.0
008 - DATOS DE LONGITUD FIJA--INFORMACIÓN GENERAL
campo de control de longitud fija 990701s1866 sp |||| | spa d
040 ## - FUENTE DE CATALOGACIÓN
Centro catalogador/agencia de origen GA
Lengua de catalogación spa
Centro/agencia transcriptor CCPB | 3D
100 1# - ENTRADA PRINCIPAL--NOMBRE DE PERSONA
Nombre de persona Rubio y Diaz, Vicente.
9 (RLIN) 222492
245 10 - MENCIÓN DEL TÍTULO
Título Consideraciones acerca del escalafón de catedráticos de institutos de 2ª enseñanza /
Mención de responsabilidad, etc. por Vicente Rubio y Diaz.
260 ## - PUBLICACIÓN, DISTRIBUCIÓN, ETC.
Lugar de publicación, distribución, etc. Cádiz :
Nombre del editor, distribuidor, etc. [s.n.],
Fecha de publicación, distribución, etc. 1866 (
Fabricante Imprenta y litografía de la Revista Médica)
300 ## - DESCRIPCIÓN FÍSICA
Extensión 21 p. ;
Dimensiones 23 cm.
610 24 - PUNTO DE ACCESO ADICIONAL DE MATERIA--NOMBRE DE ENTIDAD CORPORATIVA
Nombre de entidad corporativa o nombre de jurisdicción como elemento de entrada Cuerpo de Catedráticos Numerarios de Bachillerato-
Subdivisión de forma Escalafones.
9 (RLIN) 139164
852 ## - LOCALIZACIÓN
Ubicación ES-MaACL
Número de control de estantería T-370-F-15
Nota libre -- Enc. hol.
-- -- Sello de Los Escolares Médicos, Madrid
-- -- Dedic. ms. del autor a José Mª Lopez
Holdings
Estatus retirado Estado de pérdida Estado de daño No para préstamo Colección Biblioteca de origen Biblioteca actual Ubicación en estantería Fecha de adquisición Total de préstamos Signatura topográfica completa Código de barras Visto por última vez Precio de reemplazo Tipo de ítem Koha
        Colección de folletos Biblioteca del Ateneo de Madrid Biblioteca del Ateneo de Madrid Depósito folletos 17/01/2008   T-370-F-15 1171979 23/02/2023 23/02/2023 Folleto